000 00524cam a2200181 4500500
005 20260329002422.0
041 _afre
042 _adc
100 1 0 _aMichaud, Yves
_eauthor
245 0 0 _aObsolescence du verbe
260 _c2012.
500 _a10
690 _aRetronymie
690 _aStrawson
690 _aTechnologie
786 0 _nPhilosophie magazine | 59 | 5 | 2012-05-01 | p. 5-5 | 1951-1787
856 4 1 _uhttps://shs.cairn.info/magazine-philosophie-magazine-2012-5-page-5?lang=fr&redirect-ssocas=7080
999 _c1814740
_d1814740